|
|
|
|
| LEADER |
01362njm a2200349 a 4500 |
| 001 |
000249491 |
| 003 |
CZ BrMZK |
| 005 |
20021029141017.0 |
| 008 |
010907s1963 ru f cze d |
| 028 |
0 |
3 |
|a D-010025-26
|b Meždunarodnaja kniga
|
| 040 |
|
|
|a BOA001
|b cze
|
| 080 |
|
|
|a 786.2:785.6(086.7)
|2 MRF
|
| 080 |
|
|
|a 786.2.082.2(086.7)
|2 MRF
|
| 100 |
1 |
|
|a Beethoven, Ludwig van,
|d 1770-1827
|7 jn19990000607
|4 cmp
|
| 245 |
1 |
0 |
|a 1-j koncert 22-ja sonata
|h [zvukový záznam] /
|c L. Betchoven.
|
| 246 |
3 |
3 |
|a Koncert C-dur, op. 15
|
| 246 |
3 |
3 |
|a Sonáta F-dur, op. 54
|
| 260 |
|
|
|a [Moskva] :
|b Meždunarodnaja kniga,
|c [1963]
|
| 300 |
|
|
|a 1 LP deska :
|b 33 ot/min ;
|c 30 cm
|
| 500 |
|
|
|a Nahr. neuv
|
| 500 |
|
|
|a Durata neuv
|
| 505 |
0 |
|
|a Koncert C-dur, op. 15, Sonáta F-dur, op. 54.
|
| 511 |
0 |
|
|a Svjatoslav Richter, klavír. Bostonský symfonický orchestr, řídí Charles Munch
|
| 653 |
0 |
|
|a klavírní koncerty
|a klavírní sonáty
|
| 700 |
1 |
|
|a Richter, Svjatoslav,
|d 1915-1997
|7 jn20000604649
|4 prf
|
| 700 |
1 |
|
|a Munch, Charles,
|d 1891-1968
|7 jn19990005894
|4 cnd
|
| 710 |
2 |
|
|a Boston Symphony Orchestra
|7 ko2002148989
|
| 910 |
|
|
|a BOA001
|b LP-0005.127
|
| 964 |
|
|
|a Klavír a orchestr
|x koncerty
|x LP
|
| 964 |
|
|
|a Klavír
|x sonáty
|x LP
|
| 990 |
|
|
|a AV
|
| 996 |
6 |
|
|b 261H005309
|c LP-0005.127
|l MZK
|r Sklad / do 24 hodin
|n 0
|p kup zahr
|w 000249491
|u 000010
|a 1
|e BOA001
|j MZK50
|s P
|